000 00381nam a22001457a 4500
003 OSt
008 250530b |||||||| |||| 00| 0 eng d
020 _a9789392510625
100 _aDASGUPTA, Surendernath
245 _aA History of Indian Philosophy Vol 4
260 _aNew Delhi
_bMotilal Banarsidass International
_c2022
300 _a483
650 _aGeneral
942 _2ddc
_cBK
999 _c13637
_d13637